| 000 | 00465nam a2200169 a 4500 | ||
|---|---|---|---|
| 001 | 5966 | ||
| 003 | CDMR | ||
| 005 | 20130220142515.0 | ||
| 008 | 130220s1997||||||||||||||||||||||||||||d | ||
| 040 |
_aCDMR _bcat _cCDMR |
||
| 100 | 1 |
_aSanchÃs Silvestre, Alberto _9276 |
|
| 245 | 1 | 0 |
_aRecordando a Antonio Losada (1921-1990) _cAlberto Sanchis |
| 260 |
_aBarcelona _bViena _c1997 |
||
| 300 |
_a422 p ; _c22 cm |
||
| 650 |
_aPeriodistes catalans _vBiografies _94 |
||
| 942 | _cMON | ||
| 999 |
_c5966 _d5966 |
||